00799nam a22002177a 450000500170000000800410001702000270005802000220008505000220010710000280012924000330015724501280019025000110031826000320032930000210036150400280038265000400041065000510045070000380050170000420053920250701120032.0 t sp gr|||| 00| 0 spa|d a8428604541 (rústica) a842860455X (tela)04aHD69.I5bS74 19751 aStephenson, Hughd1938-14aThe coming clash.lEspañol13aLa inevitable colisiónc / Hugh Stephenson ; traducción María I. Guastavino ; revisión técnica Gloria González. a1a ed. aBarcelona :bPomaire,c1975 a264 p. ;c21 cm. aIncluye bibliografías 4aPolítica industrialxGestiónz  4aEmpresas internacionalesxGestión industrial1 aGuastavino, María I.etraductor1 aGonzález, Gloriaerevisor técnico